00693nam a2200217 a 450000100060000000300080000600500170001400800410003103500190007204000270009104100080011808200240012610000580015024500840020826000460029230000330033835000090037150400370038065000230041785600350044073185BD-RjUL20211209082347.0170529s1968 enka b 001 0 eng d a(BD-RjUL)73403 aDLCcDLCdBD-RjULbeng aeng00a615.1223bPSY 19681 aJoyce, C. R. B.q(Charles Richard Boddington),d1923-10aPsychopharmacology :b Dimensions and Perspectives /cEdited by C. R. B. Joyce. aLondon :bTavistock Publications,cc1968. aix, 430 p. :bill. ;c23 cm. a63/- aIncludes bibliographies & Index. 0aPsychopharmacology 3Mind & medicine monographsu17